सिटी ऑफ बोन्स (Record no. 833453)

MARC details
000 -LEADER
fixed length control field 00722nam a2200205Ia 4500
008 - FIXED-LENGTH DATA ELEMENTS--GENERAL INFORMATION
fixed length control field 110201s9999 xx 000 0 und d
082 ## - DEWEY DECIMAL CLASSIFICATION NUMBER
Item number B7952
Classification number K 2363
100 ## - MAIN ENTRY--PERSONAL NAME
Personal name अनु. ठाकूर अजित
100 ## - MAIN ENTRY--PERSONAL NAME
Personal name कॉनली मायकल
245 ## - TITLE STATEMENT
Title सिटी ऑफ बोन्स
260 ## - PUBLICATION, DISTRIBUTION, ETC. (IMPRINT)
Name of publisher, distributor, etc मेहता पब्लिशिंग हाऊस
365 ## - TRADE PRICE
Price amount 240
600 ## - SUBJECT ADDED ENTRY--PERSONAL NAME
Personal name अनु. ठाकूर अजित
600 ## - SUBJECT ADDED ENTRY--PERSONAL NAME
Personal name कॉनली मायकल
630 ## - SUBJECT ADDED ENTRY--UNIFORM TITLE
Uniform title सिटी ऑफ बोन्स
700 ## - ADDED ENTRY--PERSONAL NAME
Personal name अनु. ठाकूर अजित
700 ## - ADDED ENTRY--PERSONAL NAME
Personal name कॉनली मायकल
730 ## - ADDED ENTRY--UNIFORM TITLE
Uniform title सिटी ऑफ बोन्स
942 ## - ADDED ENTRY ELEMENTS (KOHA)
Koha item type Book
Holdings
Withdrawn status Lost status Damaged status Not for loan Home library Current library Date acquired Cost, normal purchase price Total Checkouts Barcode Date last seen Cost, replacement price Price effective from Koha item type
        Prof.Manikrao Kirtane Vachanalaya, Vashi, Navi Mumbai Prof.Manikrao Kirtane Vachanalaya, Vashi, Navi Mumbai 02/01/2011 240.00   PMKV-B7952 02/01/2011 240.00 02/01/2011 Book